|
|
|
|
| LEADER |
00000nam0a2200000 4500 |
| 001 |
349073 |
| 005 |
20231102010152.0 |
| 035 |
|
|
|a (RuTPU)RU\TPU\retro\1058
|
| 090 |
|
|
|a 349073
|
| 100 |
|
|
|a 20180410d1974 km y0rusy50 ca
|
| 101 |
0 |
|
|a rus
|
| 102 |
|
|
|a RU
|
| 105 |
|
|
|a a z 001zy
|
| 200 |
1 |
|
|a Основы теории радиоэлектронных систем морских объектов
|f К. Ю. Аграновский, П. И. Киселев, Е. А. Свядощ
|
| 210 |
|
|
|a Ленинград
|c Судостроение
|d 1974
|
| 215 |
|
|
|a 351 с.
|c ил.
|
| 320 |
|
|
|a Библиогр.: с. 344-347
|
| 606 |
1 |
|
|a Судовая радиоэлектроника
|2 stltpush
|3 (RuTPU)RU\TPU\subj\58087
|9 75916
|
| 610 |
1 |
|
|a радиоэлектронные системы
|
| 610 |
1 |
|
|a построение
|
| 610 |
1 |
|
|a эффективность
|
| 610 |
1 |
|
|a прогнозирование
|
| 610 |
1 |
|
|a характеристики
|
| 610 |
1 |
|
|a параметры
|
| 610 |
1 |
|
|a управляющие поля
|
| 610 |
1 |
|
|a расчет
|
| 610 |
1 |
|
|a учет
|
| 610 |
1 |
|
|a изменения
|
| 610 |
1 |
|
|a информационные основы
|
| 610 |
1 |
|
|a информационные процессы
|
| 610 |
1 |
|
|a обнаружение
|
| 610 |
1 |
|
|a распознавание
|
| 610 |
1 |
|
|a сигналы
|
| 610 |
1 |
|
|a фильтрация
|
| 675 |
|
|
|a 629.12.018
|v 4
|
| 700 |
|
1 |
|a Аграновский
|b К. Ю.
|g Константин Юрьевич
|
| 701 |
|
1 |
|a Киселев
|b П. И.
|g Павел Иванович
|
| 701 |
|
1 |
|a Свядощ
|b Е. А.
|g Евгений Александрович
|
| 801 |
|
1 |
|a RU
|b 63413507
|c 20180410
|
| 801 |
|
2 |
|a RU
|b 63413507
|c 20180410
|g RCR
|
| 942 |
|
|
|c BK
|